| 000 | 00658nam a2200205 a 4500 | ||
|---|---|---|---|
| 005 | 20140310183614.0 | ||
| 008 | 120903s19uu xx 00 eng d | ||
| 020 | _a9781426018596 | ||
| 050 |
_aHF 5549.5.M63 _b.Sh18 2009 |
||
| 100 | _aShandler, Donald | ||
| 245 |
_aMotivating the millennial knowledge worker : _bhelp today's workforce succeed in today's economy / _cDonald Shandler. |
||
| 260 |
_a[Rochester, N.Y.] : _bAxzo Press, _c2009. |
||
| 300 |
_a257 p. : _bill. ; _c25 cm. |
||
| 440 | _aCrisp | ||
| 521 | _aBSBA | ||
| 650 |
_aEmployee motivation _xUnited States |
||
| 650 | _aSupervision of employees | ||
| 942 |
_cBK _2lcc _kFOR |
||
| 999 |
_c25289 _d25289 |
||